000 00617nam a2200241Ia 4500
003 OSt
005 20220912145748.0
006 a|||||r|||| 00| 0
007 ta
008 220909b |||||||| |||| 00| 0 eng d
024 _a75218
037 _cTextual
040 _aCSL
_beng
_cCSL
041 _aeng
082 _aL35:4231, K6 CS
100 _aLima H Da Rocha
245 0 _aEstudos sobre o tifo exantematico:Studies on typhus fever
260 _c1966
300 _ap.
_ccm.
650 _aMedicine
942 _hL35:4231, K6 CS
_cTEXL
_2CC
999 _c37746
_d37746